000 00717nam a22002177a 4500
005 20170124110248.0
010 _aB-010180
020 _c180.00
035 _aB-010180
037 _bCen Lib/Ret
040 _aDPL
_bEN
082 _a000
_bARO
100 _aArora, R.S.
_936341
245 _aBBS/BBA/BBM entrance examination :
_bbachelor of business studies management /
_cby R.S.Arora
260 _bRamesh Publishing House
_aNew Delhi
_c2001
270 _bNew Delhi
_a12-H, New Daryaganj Road, Opp.Traffic Kotwali
_e110002
300 _avarious pagings
_c22cm(Hb)
650 _aExamination guide -- BBA
_998026
650 _aExamination guide -- BBM
_998027
942 _2ddc
_cEN
_h000
_mARO
999 _c135683
_d135683